000 00837nam a2200205 a 4500
001 000041871
005 20201002035813.0
008 131018s2003 sp 000 0 spa d
020 _a8400081390
040 _aDO-SdBNP
_bspa
_cBNPHU
245 0 3 _aEl Partenón en los Orígenes de Europa /
_ceditores Francisco Rodríguez Adrados, Juan Rodríguez Somolinos.
260 _aMadrid :
_bConsejo Superior de Investigación Científicas,
_c2003.
300 _a278 p. ;
_c25 cm.
490 1 _aManuales y anejos de Emérita
_v44
504 _aIncluye referencias bibliográficas y notas al pie de las páginas
700 1 _aRodríguez Adrados, Francisco
_eed.
_918641
700 1 _aRodríguez Somolinos, Juan
_eed.
_968757
710 2 _aConsejo Superior de Investigación Científicas
_963831
830 0 _aManuales y anejos de Emérita
_v44
_963832
999 _c41360
_d41360